[Event "Levitov Chess Week Rapid"]
[Site "Amsterdam NED"]
[Date "2023.09.25"]
[Round "13.4"]
[White "Aronian, Levon"]
[Black "Grischuk, Alexander"]
[Result "1/2-1/2"]
[WhiteTitle "GM"]
[BlackTitle "GM"]
[WhiteElo "2742"]
[BlackElo "2732"]
[WhiteFideId "13300474"]
[BlackFideId "4126025"]
[EventDate "2023.09.22"]

1. e4 e5 2. Nf3 Nc6 3. Bc4 Bc5 4. O-O Nf6 5. d3 O-O 6. h3 d6 7. c3 a5 8. Re1 Ba7
9. Na3 Ne7 10. d4 Ng6 11. dxe5 dxe5 12. Qxd8 Rxd8 13. Bf1 Ne8 14. Nc4 f6 15. a4
Be6 16. Nxa5 Nd6 17. Nd2 Bxf2+ 18. Kxf2 Rxa5 19. b4 Raa8 20. c4 b6 21. Bb2 c5
22. bxc5 bxc5 23. Bc3 Ne7 24. a5 Ra6 25. Reb1 Rda8 26. Rb5 Rc6 27. Ke3 Kf7 28.
Rab1 Raa6 29. Rb8 Rc7 30. R1b5 Nec8 31. Be2 Ke7 32. g4 h6 33. h4 g5 34. hxg5
hxg5 35. Rb1 Raa7 36. R8b5 Kf7 37. Rh1 Kg7 38. Rhb1 Kf7 39. Rh1 Kg7 40. Rhb1 1/2-1/2

[Event "Levitov Chess Week Rapid"]
[Site "Amsterdam NED"]
[Date "2023.09.25"]
[Round "13.5"]
[White "Gelfand, Boris"]
[Black "Kramnik, Vladimir"]
[Result "1/2-1/2"]
[WhiteTitle "GM"]
[BlackTitle "GM"]
[WhiteElo "2655"]
[BlackElo "2753"]
[WhiteFideId "2805677"]
[BlackFideId "4101588"]
[EventDate "2023.09.22"]

1. d4 Nf6 2. c4 e6 3. Nf3 d5 4. g3 Bb4+ 5. Bd2 Be7 6. Bg2 O-O 7. O-O c6 8. Qc2
Nbd7 9. Bf4 b6 10. Nbd2 Bb7 11. e4 dxe4 12. Nxe4 c5 13. Nxf6+ Nxf6 14. Rad1 Qc8
15. Qe2 cxd4 16. Nxd4 a6 17. b3 Rd8 18. Nf5 exf5 19. Qxe7 Rxd1 20. Rxd1 Bxg2 21.
Kxg2 h6 22. f3 b5 23. c5 Qe6 24. Qxe6 fxe6 25. c6 Nd5 26. c7 Rc8 27. Kf2 Kf7 28.
Be5 g6 29. g4 fxg4 30. fxg4 Ke7 31. Rc1 Kd7 32. Rd1 Kc6 33. Kg3 Nxc7 34. Rd6+
Kb7 35. h4 b4 36. Rd7 Kc6 37. Rg7 Nb5 38. Rxg6 Kd5 39. Bg7 e5 40. Bxh6 Rc3+ 41.
Kf2 Rc2+ 42. Kg3 Rc3+ 43. Kf2 Rc2+ 44. Kg3 Rc3+ 45. Kf2 Rc2+ 1/2-1/2

[Event "Levitov Chess Week Rapid"]
[Site "Amsterdam NED"]
[Date "2023.09.25"]
[Round "14.1"]
[White "Kramnik, Vladimir"]
[Black "Aronian, Levon"]
[Result "1/2-1/2"]
[WhiteTitle "GM"]
[BlackTitle "GM"]
[WhiteElo "2753"]
[BlackElo "2742"]
[WhiteFideId "4101588"]
[BlackFideId "13300474"]
[EventDate "2023.09.22"]

1. e4 c5 2. Nf3 d6 3. d4 cxd4 4. Nxd4 Nf6 5. Nc3 a6 6. Be3 e5 7. Nb3 Be6 8. h3
Be7 9. Qf3 O-O 10. g4 Ne8 11. O-O-O Nd7 12. h4 Bxh4 13. Qh3 g5 14. Kb1 Ndf6 15.
Qg2 Rc8 16. Nd5 Nxd5 17. exd5 Bd7 18. Bd3 Kh8 19. Nd2 f5 20. gxf5 Bxf5 21. Bxf5
Rxf5 22. Rdg1 Rf8 23. Ne4 Qc7 24. Bxg5 Bxg5 25. Nxg5 Nf6 26. f4 Rg8 27. fxe5
dxe5 28. d6 Qd7 29. Qh2 Rce8 30. a3 Rg6 31. Qe2 Qg7 32. Nf3 e4 33. Rxg6 Qxg6 34.
Nd4 e3 35. Rd1 Qh5 36. d7 Rd8 37. Qxh5 Nxh5 38. Ne2 Nf6 39. Rd6 Kg7 40. Re6 Rxd7
41. Rxe3 h5 42. b4 Kg6 43. Re5 Rd1+ 44. Kb2 Rf1 45. Re3 h4 46. Nd4 Rf4 47. Nf3
Kf5 48. Re5+ Kg4 49. Nd2 h3 50. Re2 Nh5 51. Ne4 Ng3 52. Nf2+ Kh4 53. Nxh3 Nxe2
54. Nxf4 Nxf4 55. Kc3 Kg5 56. Kd4 Ne2+ 57. Kc5 b5 58. c4 Nc3 59. Kd4 Na4 60. c5
Kf6 61. Kd5 Nb2 62. Kc6 Nc4 63. Kb7 Nxa3 64. c6 Nc4 65. Kxa6 Nd6 66. c7 Ke7 67.
c8=Q Nxc8 68. Kxb5 1/2-1/2

[Event "Levitov Chess Week Rapid"]
[Site "Amsterdam NED"]
[Date "2023.09.25"]
[Round "14.2"]
[White "Mamedyarov, Shakhriyar"]
[Black "Gelfand, Boris"]
[Result "1/2-1/2"]
[WhiteTitle "GM"]
[BlackTitle "GM"]
[WhiteElo "2734"]
[BlackElo "2655"]
[WhiteFideId "13401319"]
[BlackFideId "2805677"]
[EventDate "2023.09.22"]

1. c4 c5 2. Nf3 Nf6 3. Nc3 Nc6 4. d4 cxd4 5. Nxd4 e6 6. g3 Qb6 7. Ndb5 Ne5 8.
Bf4 Nfg4 9. e3 a6 10. h3 axb5 11. hxg4 Nxc4 12. Rc1 Bb4 13. a3 Bxc3+ 14. Rxc3 d5
15. Qb1 b4 16. axb4 e5 17. Bxc4 exf4 18. Bxd5 fxg3 19. fxg3 Bxg4 20. Rh4 h5 21.
Qe4+ Be6 22. Bxe6 Qxe6 23. Rc7 O-O 24. Qxe6 fxe6 25. Rxh5 Rf7 26. Rxf7 Kxf7 27.
Rb5 Ra2 28. Kf2 Rxb2+ 29. Kf3 Kf6 30. Rxb7 Kf5 31. b5 g5 32. g4+ Ke5 33. Rb8 Rb3
34. b6 Rb4 35. b7 Rb2 36. Kg3 Rb3 37. Kf2 Rb2+ 38. Kf3 Rb3 39. Rg8 Rxb7 40.
Rxg5+ Kf6 41. Ra5 Rb4 42. Rh5 Ra4 43. Rh6+ Ke5 44. Rh8 Kf6 45. Rh3 Rb4 46. Rh6+
Ke5 47. Rh4 Rb1 48. Rh5+ Kf6 49. Kf4 Rf1+ 50. Ke4 Rg1 51. Rh6+ Kg7 52. Rh4 Kf6
53. Kf3 Rf1+ 54. Kg2 Ra1 55. Rh5 Rb1 56. Rc5 Ra1 57. Kf3 Rf1+ 58. Kg2 Ra1 59.
Rc4 Kg5 60. Re4 Rb1 61. Kf3 Rf1+ 62. Ke2 Rg1 63. Kf3 Rf1+ 64. Kg2 Ra1 65. Rxe6
Kxg4 66. Rf6 Ra2+ 67. Kf1 Kg5 1/2-1/2

[Event "Levitov Chess Week Rapid"]
[Site "Amsterdam NED"]
[Date "2023.09.25"]
[Round "14.3"]
[White "Grischuk, Alexander"]
[Black "Svidler, Peter"]
[Result "1/2-1/2"]
[WhiteTitle "GM"]
[BlackTitle "GM"]
[WhiteElo "2732"]
[BlackElo "2689"]
[WhiteFideId "4126025"]
[BlackFideId "4102142"]
[EventDate "2023.09.22"]

1. d4 Nf6 2. Bg5 d5 3. Nf3 c5 4. Bxf6 gxf6 5. dxc5 Nc6 6. Nbd2 e5 7. e4 Be6 8.
c3 Bxc5 9. exd5 Bxd5 10. Bd3 Qd7 11. Ne4 Be7 12. Ng3 Be6 13. Qc2 O-O-O 14. Rd1
Kb8 15. O-O h5 16. Nf5 Bc5 17. b4 Bb6 18. a4 a5 19. Be4 Qc7 20. Rb1 Ka7 21. h3
Rd7 22. Rb2 Rc8 23. Rfb1 Nd8 24. bxa5 Bxa5 25. Rb5 Bc4 26. Ne3 Bxb5 27. Rxb5 Bb6
28. Nd5 Rxd5 29. Rxd5 Qxc3 30. Qxc3 Rxc3 31. a5 Bc7 32. Nh4 Rc4 33. f3 Rd4 34.
Rxd4 exd4 35. Nf5 Ne6 36. Kf1 Bxa5 37. h4 b5 38. g4 Nf4 39. Nxd4 Kb6 40. Ne2
Nxe2 41. Kxe2 hxg4 42. fxg4 Bb4 43. Bd5 1/2-1/2

[Event "Levitov Chess Week Rapid"]
[Site "Amsterdam NED"]
[Date "2023.09.25"]
[Round "14.5"]
[White "Nepomniachtchi, Ian"]
[Black "So, Wesley"]
[Result "1-0"]
[WhiteTitle "GM"]
[BlackTitle "GM"]
[WhiteElo "2771"]
[BlackElo "2753"]
[WhiteFideId "4168119"]
[BlackFideId "5202213"]
[EventDate "2023.09.22"]

1. e4 e5 2. Nf3 Nc6 3. Bc4 Nf6 4. d3 Bc5 5. a4 h6 6. a5 a6 7. O-O d6 8. Be3 O-O
9. Bxc5 dxc5 10. Nbd2 Re8 11. Bb3 b5 12. axb6 cxb6 13. Ba4 Bb7 14. Bxc6 Bxc6 15.
Nc4 Qc7 16. Qe1 a5 17. Qc3 Nd7 18. Nh4 b5 19. Ne3 b4 20. Qd2 a4 21. Nhf5 Re6 22.
c3 bxc3 23. bxc3 h5 24. c4 g6 25. Nd5 Bxd5 26. cxd5 Rb6 27. Ne3 Rb3 28. Qc2 Qb6
29. Ra2 Qb5 30. Nc4 Qb4 31. Rfa1 a3 32. h4 Rc3 33. Qd1 Rb3 34. Kh2 Kg7 35. f3
Qc3 36. Rb1 Rb4 37. Rc1 Qd4 38. Rxa3 Rxa3 39. Nxa3 Rb2 40. Nc4 Ra2 41. Qf1 Kh6
42. Rd1 g5 43. hxg5+ Kxg5 44. Qe1 h4 45. Ne3 Qb2 46. Rb1 Qd2 47. Qxd2 Rxd2 48.
Rb7 Nf6 49. Rxf7 Rxd3 50. Nc4 Nh5 51. Nxe5 Rd1 52. Rf5+ Kh6 53. Kh3 Ng3 54. Rf7
Kh5 55. Rh7+ Kg5 56. Rxh4 Rh1+ 57. Kxg3 Rxh4 58. Nf7+ Kf6 59. Nd6 Rh1 60. Kf4
Re1 61. g4 Ke7 62. Ke5 Rc1 63. g5 c4 64. Nf5+ Kd7 65. Kd4 c3 66. Kd3 Ke8 67. g6
Rf1 68. Kxc3 Rxf3+ 69. Kd4 1-0

[Event "Levitov Chess Week Rapid"]
[Site "Amsterdam NED"]
[Date "2023.09.26"]
[Round "15.3"]
[White "Nepomniachtchi, Ian"]
[Black "Mamedyarov, Shakhriyar"]
[Result "1-0"]
[WhiteTitle "GM"]
[BlackTitle "GM"]
[WhiteElo "2771"]
[BlackElo "2734"]
[WhiteFideId "4168119"]
[BlackFideId "13401319"]
[EventDate "2023.09.22"]

1. e4 c5 2. Nf3 e6 3. d4 cxd4 4. Nxd4 Nc6 5. Nc3 Qc7 6. g3 a6 7. Bg2 Nf6 8. O-O
Be7 9. Re1 d6 10. Nxc6 bxc6 11. e5 dxe5 12. Rxe5 O-O 13. Re1 Rd8 14. Qf3 Nd5 15.
h4 Bb7 16. Ne4 Nb4 17. Qc3 Nd5 18. Qf3 Nb4 19. Qe2 c5 20. Be3 h6 21. Rad1 Rxd1
22. Rxd1 Nd5 23. Bc1 c4 24. c3 a5 25. Nd2 Rc8 26. Nf3 Bf6 27. Nd4 Qb6 28. Be4
Ne7 29. Nf3 Bd5 30. Be3 Qb7 31. Bxd5 Nxd5 32. Bd4 Bxd4 33. Rxd4 Rb8 34. Rd2 Qc7
35. Ne5 Nb6 36. Rd4 Rc8 37. h5 Qc5 38. Qe4 Qc7 39. Qe2 Qc5 40. Rf4 f6 41. Ng4
Re8 42. Nxf6+ gxf6 43. Rxf6 Kg7 44. Qf3 Qe7 45. Rg6+ Kh7 46. Qe3 Qf8 47. Qxb6 1-0

[Event "Levitov Chess Week Rapid"]
[Site "Amsterdam NED"]
[Date "2023.09.26"]
[Round "15.4"]
[White "Svidler, Peter"]
[Black "Kramnik, Vladimir"]
[Result "1-0"]
[WhiteTitle "GM"]
[BlackTitle "GM"]
[WhiteElo "2689"]
[BlackElo "2753"]
[WhiteFideId "4102142"]
[BlackFideId "4101588"]
[EventDate "2023.09.22"]

1. Nf3 d5 2. g3 g6 3. Bg2 Bg7 4. d4 Nf6 5. O-O O-O 6. c4 dxc4 7. Na3 c5 8. dxc5
c3 9. Nb5 Na6 10. Nxc3 Nxc5 11. Be3 Nfe4 12. Qe1 Nxc3 13. Bxc5 Na4 14. Rd1 Qe8
15. Bd4 e5 16. Be3 Nxb2 17. Rc1 Na4 18. Qb4 a5 19. Qh4 h5 20. Ng5 Bg4 21. h3
Bxe2 22. Rfe1 Bb5 23. g4 f6 24. Bd5+ Kh8 25. Rc7 Nc3 26. Nf7+ Kh7 27. gxh5 g5
28. Nxg5+ fxg5 29. Qxg5 Bd7 30. Rxc3 Ra6 31. Be4+ Kh8 32. Bg6 Qe6 33. Rd1 Qxh3
34. Rc7 Qg4+ 35. Qxg4 Bxg4 36. Rb1 Bf3 37. Kh2 Raf6 38. Rg1 Rg8 39. h6 Rxg6 40.
Rxg6 Bf8 41. Rxg8+ Kxg8 42. h7+ Kh8 43. Rc8 1-0

[Event "Levitov Chess Week Rapid"]
[Site "Amsterdam NED"]
[Date "2023.09.26"]
[Round "15.5"]
[White "Aronian, Levon"]
[Black "Gelfand, Boris"]
[Result "1-0"]
[WhiteTitle "GM"]
[BlackTitle "GM"]
[WhiteElo "2742"]
[BlackElo "2655"]
[WhiteFideId "13300474"]
[BlackFideId "2805677"]
[EventDate "2023.09.22"]

1. e4 c5 2. Nf3 Nc6 3. Bb5 e6 4. Bxc6 bxc6 5. d3 Ne7 6. Nbd2 d6 7. e5 d5 8. b3
Nf5 9. Bb2 a5 10. c4 Be7 11. a4 Rb8 12. h4 h5 13. g3 Nd4 14. Bc3 Rb7 15. Rc1 Nf5
16. O-O Rd7 17. Qe2 Qb6 18. Kg2 Ba6 19. Rfd1 Nd4 20. Qe3 Nf5 21. Qf4 Qd8 22. Nf1
dxc4 23. bxc4 Nd4 24. N1d2 Ne2 25. Qe4 Nxc1 26. Rxc1 O-O 27. Ne1 Rb7 28. Qf3 Rb4
29. Ra1 f5 30. Qxh5 Qd7 31. Qg6 Bc8 32. h5 Qe8 33. Kf3 Bd7 34. Ng2 Qxg6 35. hxg6
Bg5 36. Bxb4 cxb4 37. Nb3 c5 38. Nf4 Be7 39. Ke2 Rc8 40. Kd2 Bg5 41. Kc2 Rc6 42.
Kb2 Be7 43. Nxa5 Ra6 44. Nb3 1-0

[Event "Levitov Chess Week Rapid"]
[Site "Amsterdam NED"]
[Date "2023.09.26"]
[Round "16.1"]
[White "Kramnik, Vladimir"]
[Black "Anand, Viswanathan"]
[Result "1/2-1/2"]
[WhiteTitle "GM"]
[BlackTitle "GM"]
[WhiteElo "2753"]
[BlackElo "2754"]
[WhiteFideId "4101588"]
[BlackFideId "5000017"]
[EventDate "2023.09.22"]

1. e4 e5 2. Nf3 Nc6 3. Bc4 Bc5 4. c3 Nf6 5. d3 d6 6. O-O O-O 7. Re1 a5 8. h3 Ba7
9. Nbd2 Ne7 10. d4 Nc6 11. Nf1 exd4 12. cxd4 Nxe4 13. Bd5 Nf6 14. Bxc6 bxc6 15.
Bg5 Rb8 16. Qd2 Rb5 17. a4 Rb4 18. Ng3 h6 19. Bxh6 gxh6 20. Qxh6 Rb3 21. Re4
Nxe4 22. Nh5 Bxd4 23. Nxd4 Qg5 24. Qxg5+ Nxg5 25. Nxb3 Be6 26. Nxa5 c5 27. Nc6
Ra8 28. f4 Nh7 29. f5 Bb3 30. Ra3 Bxa4 31. Ne7+ Kf8 32. Nd5 Bc6 33. Rxa8+ Bxa8
34. Nxc7 Bc6 35. f6 Ng5 36. h4 Ne4 37. g4 d5 38. g5 d4 39. Nf4 c4 40. Nce6+ fxe6
41. Nxe6+ Kg8 42. Nxd4 Bd7 43. Kg2 Bg4 44. Nc6 Bh5 45. Ne5 c3 46. bxc3 Nxc3 47.
Kg3 Ne2+ 48. Kf2 Nf4 49. Nc4 Kf7 50. Kg3 Ne2+ 51. Kf2 Nf4 52. Nd6+ Ke6 53. Ne4
Kf5 54. Ng3+ Kg4 55. Nxh5 Kxh5 56. Ke3 Ng6 57. Ke4 Kxh4 58. Kf5 Kh5 59. f7 Nf8
60. Kf6 Ng6 61. Kf5 Nf8 1/2-1/2

[Event "Levitov Chess Week Rapid"]
[Site "Amsterdam NED"]
[Date "2023.09.26"]
[Round "16.4"]
[White "Grischuk, Alexander"]
[Black "So, Wesley"]
[Result "1/2-1/2"]
[WhiteTitle "GM"]
[BlackTitle "GM"]
[WhiteElo "2732"]
[BlackElo "2753"]
[WhiteFideId "4126025"]
[BlackFideId "5202213"]
[EventDate "2023.09.22"]

1. c4 c5 2. g3 g6 3. Bg2 Nc6 4. Nc3 Bg7 5. d3 d6 6. Qd2 e5 7. e3 Nge7 8. Nge2
O-O 9. O-O Be6 10. Nd5 Qd7 11. Rb1 Bh3 12. Nxe7+ Nxe7 13. b4 Bxg2 14. Kxg2 Rab8
15. e4 f5 16. f3 Nc6 17. b5 Nd4 18. Nxd4 exd4 19. Qe2 Rbe8 20. Rf2 Rf7 21. Bd2
Be5 22. Rbf1 f4 23. g4 Qe7 1/2-1/2

[Event "Levitov Chess Week Rapid"]
[Site "Amsterdam NED"]
[Date "2023.09.26"]
[Round "17.2"]
[White "Nepomniachtchi, Ian"]
[Black "Grischuk, Alexander"]
[Result "1-0"]
[WhiteTitle "GM"]
[BlackTitle "GM"]
[WhiteElo "2771"]
[BlackElo "2732"]
[WhiteFideId "4168119"]
[BlackFideId "4126025"]
[EventDate "2023.09.22"]

1. e4 e5 2. Nf3 Nc6 3. Bc4 Bc5 4. d3 Nf6 5. a4 O-O 6. O-O d5 7. exd5 Nxd5 8. h3
Kh8 9. Re1 f6 10. Nbd2 Be6 11. Ne4 Bb6 12. b4 a6 13. Bd2 Qd7 14. Nc5 Bxc5 15.
bxc5 Rfe8 16. Qb1 b6 17. cxb6 Nxb6 18. Bxe6 Rxe6 19. a5 Nd5 20. Ra4 Rae8 21. Rc4
f5 22. Qa1 h6 23. Qa4 Qd6 24. Bc1 Kh7 25. Ba3 Qd7 26. Bb2 Qd6 27. Qa3 Qxa3 28.
Bxa3 e4 29. dxe4 fxe4 30. Nd4 Nxd4 31. Rxd4 Re5 32. Bb2 c6 33. c4 Nf6 34. Rd6
R5e6 35. Red1 Kg6 36. Bc1 Kf7 37. Be3 Rxd6 38. Rxd6 Re6 39. Rd8 Re8 40. Rd1 Re5
41. Bb6 Ke7 42. Rd8 Rc5 43. Ra8 Rxc4 44. Rxa6 Nd5 45. Ra7+ Kf6 46. Bd8+ Kg6 47.
Rd7 Nb4 48. Be7 Nd5 49. Bf8 Ra4 50. Rxg7+ Kf6 51. Ra7 h5 52. a6 Ra5 53. Ra8 Nb6
54. Ra7 Nd5 55. h4 Ke6 56. Kh2 c5 57. Rh7 Nf6 58. Re7+ Kf5 59. a7 Ng4+ 60. Kg3
Ra3+ 61. f3 exf3 62. gxf3 Ne5 63. Rc7 Rxf3+ 64. Kg2 Ra3 65. Bxc5 Ra2+ 66. Kg3
Nd3 67. Be3 1-0

[Event "Levitov Chess Week Rapid"]
[Site "Amsterdam NED"]
[Date "2023.09.26"]
[Round "17.3"]
[White "So, Wesley"]
[Black "Kramnik, Vladimir"]
[Result "1-0"]
[WhiteTitle "GM"]
[BlackTitle "GM"]
[WhiteElo "2753"]
[BlackElo "2753"]
[WhiteFideId "5202213"]
[BlackFideId "4101588"]
[EventDate "2023.09.22"]

1. e4 c5 2. Nf3 e6 3. d4 cxd4 4. Nxd4 Nf6 5. Nc3 Nc6 6. a3 Be7 7. Be3 O-O 8. Be2
d6 9. Qd2 e5 10. Nb3 Nxe4 11. Nxe4 d5 12. Ng3 d4 13. Bh6 gxh6 14. Qxh6 Bg5 15.
Qh5 f5 16. h4 Bf4 17. Bc4+ Kg7 18. Ne2 Bh6 19. f4 exf4 20. O-O Ne5 21. Bd3 f3
22. gxf3 Be3+ 23. Kh1 Be6 24. Nc5 Bf7 25. Qxf5 Qxh4+ 26. Kg2 Rae8 27. Ng3 Ng6
28. Rh1 Qg5 29. Ne4 Nf4+ 30. Kf1 Qxf5 31. Nxf5+ Kh8 32. Nxe3 dxe3 33. Nf6 e2+
34. Bxe2 Kg7 35. Nxe8+ Rxe8 36. Bd3 h5 37. Kf2 Kf6 38. Be4 b6 39. Rag1 Rd8 40.
Ke3 Ne6 41. Rd1 Re8 42. Rd7 Rh8 43. Rxa7 h4 44. Rb7 h3 45. Rxb6 Kg5 46. Rg1+ Kf6
47. Kf2 h2 48. Rh1 Ke5 49. Rb5+ Kd6 50. Rd5+ Ke7 51. Rd2 1-0

[Event "Levitov Chess Week Rapid"]
[Site "Amsterdam NED"]
[Date "2023.09.26"]
[Round "17.5"]
[White "Svidler, Peter"]
[Black "Aronian, Levon"]
[Result "0-1"]
[WhiteTitle "GM"]
[BlackTitle "GM"]
[WhiteElo "2689"]
[BlackElo "2742"]
[WhiteFideId "4102142"]
[BlackFideId "13300474"]
[EventDate "2023.09.22"]

1. Nf3 d5 2. g3 g6 3. Bg2 Bg7 4. d4 Nf6 5. O-O O-O 6. c4 c6 7. Ne5 Ng4 8. Nxg4
Bxg4 9. cxd5 cxd5 10. Nc3 Nc6 11. h3 Bd7 12. Nxd5 Nxd4 13. Be3 e5 14. Bxd4 exd4
15. Nf4 Rc8 16. Qb3 b6 17. Qa3 a5 18. Rac1 Re8 19. h4 Bh6 20. Qf3 Rxc1 21. Rxc1
Bf5 22. g4 Be4 23. Qg3 Bxf4 24. Qxf4 Bxg2 25. Kxg2 Rxe2 26. Rc7 Qd5+ 27. Kg3 Re8
28. h5 gxh5 29. gxh5 Qxh5 30. Qxd4 Qg5+ 31. Kf3 Qf5+ 32. Kg3 Re4 33. Rc8+ Qxc8
34. Qxe4 Qe6 35. Qd4 h6 36. a4 Qg6+ 37. Kf3 Qf5+ 38. Kg3 Qc5 39. Qe4 Kg7 40. b3
Qg5+ 41. Kf3 Qg6 42. Qd5 Qe6 43. Qd3 Qe5 44. Kg2 h5 45. Kf1 Qf6 46. Qg3+ Kh7 47.
Qd3+ Qg6 48. Qf3 Kg7 49. Qc3+ Qf6 50. Qg3+ Kh6 51. Qe3+ Kh7 52. Qd3+ Qg6 53. Qc4
Qb1+ 54. Kg2 Qf5 55. Kg3 Kh6 56. Qd4 Qg6+ 57. Kh4 Qg5+ 58. Kh3 Qf5+ 59. Kg3 Qe6
60. Kh4 Qe7+ 61. Kg3 Qc7+ 62. Kh3 Qc6 63. Qh8+ Kg6 64. Qg8+ Kf6 65. Qh8+ Ke7 66.
Qd4 Qe6+ 67. Kh4 Qxb3 68. Kxh5 Qe6 69. Qd1 Qf5+ 0-1

[Event "Levitov Chess Week Rapid"]
[Site "Amsterdam NED"]
[Date "2023.09.26"]
[Round "18.1"]
[White "Kramnik, Vladimir"]
[Black "Nepomniachtchi, Ian"]
[Result "0-1"]
[WhiteTitle "GM"]
[BlackTitle "GM"]
[WhiteElo "2753"]
[BlackElo "2771"]
[WhiteFideId "4101588"]
[BlackFideId "4168119"]
[EventDate "2023.09.22"]

1. c4 Nf6 2. Nf3 e6 3. d4 d5 4. cxd5 exd5 5. Qc2 c6 6. Nc3 g6 7. h3 Bf5 8. Qb3
Qb6 9. g4 Be6 10. Bg2 h5 11. g5 Nfd7 12. O-O Bd6 13. e4 dxe4 14. Qxb6 Nxb6 15.
Nxe4 Be7 16. Nc5 Bxc5 17. dxc5 Nd5 18. b4 Nd7 19. Nd4 O-O 20. b5 cxb5 21. Nxb5
Nxc5 22. Ba3 b6 23. Rac1 Rad8 24. Nxa7 Nf4 25. Nc6 Rd3 26. Bxc5 bxc5 27. Rcd1
Rxd1 28. Rxd1 Bxa2 29. Bf1 Re8 30. Kh2 h4 31. Rc1 Bd5 32. Na5 Re5 33. Nc4 Rxg5
34. Ne3 Be6 35. Bc4 Bxh3 36. Bxf7+ Kxf7 37. Rc4 Ng2 38. Kxh3 Nxe3 39. fxe3 Rh5
40. Re4 Kf6 41. Rc4 Ke6 42. e4 Kd6 43. Ra4 Ke5 44. Rc4 Kd6 45. Ra4 Rh8 46. Ra6+
Ke5 47. Ra4 g5 48. Rc4 Kd6 49. Rc2 Re8 50. Rc4 Kc6 0-1

[Event "Levitov Chess Week Rapid"]
[Site "Amsterdam NED"]
[Date "2023.09.26"]
[Round "18.2"]
[White "Aronian, Levon"]
[Black "Anand, Viswanathan"]
[Result "1/2-1/2"]
[WhiteTitle "GM"]
[BlackTitle "GM"]
[WhiteElo "2742"]
[BlackElo "2754"]
[WhiteFideId "13300474"]
[BlackFideId "5000017"]
[EventDate "2023.09.22"]

1. e4 e5 2. Nf3 Nc6 3. Bc4 Bc5 4. d3 Nf6 5. c3 d6 6. O-O O-O 7. Nbd2 a5 8. Re1
Ba7 9. Nf1 Be6 10. Bb3 Bxb3 11. axb3 d5 12. Bg5 dxe4 13. dxe4 Qxd1 14. Raxd1 Ng4
15. Re2 f6 16. Bc1 Rfd8 17. Rde1 Nb8 18. h3 Nxf2 19. Rxf2 Bxf2+ 20. Kxf2 a4 21.
b4 c5 22. bxc5 Nd7 23. Be3 Rdc8 24. Ra1 Nxc5 25. Bxc5 Rxc5 26. Ne3 Ra6 27. Nd5
f5 28. Nb4 Raa5 29. Ra3 fxe4 30. Nd2 Rc8 31. Nxe4 Rf8+ 32. Ke2 Rf4 33. Nd6 Rf6
34. Nxb7 Rb5 35. Nd8 e4 36. Ndc6 Rg5 37. g4 h5 38. Nd5 Rf3 39. Rxa4 Rxh3 40.
Rxe4 hxg4 41. Re5 Rxe5+ 42. Nxe5 Rh2+ 43. Kf1 Rxb2 1/2-1/2

[Event "Levitov Chess Week Rapid"]
[Site "Amsterdam NED"]
[Date "2023.09.26"]
[Round "18.3"]
[White "Gelfand, Boris"]
[Black "So, Wesley"]
[Result "1/2-1/2"]
[WhiteTitle "GM"]
[BlackTitle "GM"]
[WhiteElo "2655"]
[BlackElo "2753"]
[WhiteFideId "2805677"]
[BlackFideId "5202213"]
[EventDate "2023.09.22"]

1. d4 Nf6 2. c4 e6 3. Nf3 d5 4. g3 Bb4+ 5. Bd2 Be7 6. Bg2 Nbd7 7. O-O O-O 8. Qc2
c6 9. Bf4 a5 10. h4 h6 11. Nbd2 Nh5 12. e3 g5 13. hxg5 hxg5 14. Be5 g4 15. Nh2
f6 16. Bf4 f5 17. f3 Nxf4 18. exf4 gxf3 19. Nhxf3 Nf6 20. Ne5 Bd6 21. Bf3 Bd7
22. Kg2 Be8 23. Rh1 Kg7 24. Rh4 Bg6 25. Nxg6 Kxg6 26. Rah1 Kf7 27. Qb3 Rb8 28.
Qe3 Rg8 29. Kf2 Rg7 30. Rh6 Qd7 31. Rh8 Rxh8 32. Rxh8 Bb4 33. c5 Bxd2 34. Qxd2
Ne4+ 35. Bxe4 dxe4 36. Rh3 Kg6 37. Ke3 Rh7 38. Rh4 Qe7 39. Qg2 a4 40. a3 Qg7 41.
Qh3 Rxh4 42. Qxh4 Qf6 43. Qh3 Qd8 44. g4 Qd5 45. Qh5+ Kg7 46. Qg5+ Kf7 47. Qh5+
Kg7 48. Qg5+ Kf7 49. Qh5+ Ke7 50. Qg5+ Kd7 51. Qg7+ Kc8 52. Qh8+ Kc7 53. Qe5+
Qxe5 54. dxe5 Kd7 55. g5 1/2-1/2

[Event "Levitov Chess Week Rapid"]
[Site "Amsterdam NED"]
[Date "2023.09.26"]
[Round "18.4"]
[White "Mamedyarov, Shakhriyar"]
[Black "Svidler, Peter"]
[Result "1-0"]
[WhiteTitle "GM"]
[BlackTitle "GM"]
[WhiteElo "2734"]
[BlackElo "2689"]
[WhiteFideId "13401319"]
[BlackFideId "4102142"]
[EventDate "2023.09.22"]

1. d4 Nf6 2. c4 g6 3. g3 c6 4. Bg2 d5 5. Nf3 Bg7 6. O-O O-O 7. a4 a5 8. cxd5
cxd5 9. Qb3 Nc6 10. Na3 Ne4 11. Rd1 Bg4 12. Qxb7 Nb4 13. Bf4 Nd6 14. Bxd6 exd6
15. Rac1 Re8 16. Nb5 Rxe2 17. Re1 Rb8 18. Qa7 Bxf3 19. Bxf3 Rxe1+ 20. Rxe1 Nc6
21. Qa6 Nxd4 22. Bxd5 Nxb5 23. axb5 Bd4 24. Re4 Bb6 25. Rf4 Qg5 26. Bxf7+ Kh8
27. b4 axb4 28. Rxb4 Qe5 29. Kg2 Kg7 30. Rf4 g5 31. Rf3 Qe4 32. h3 Bc5 33. Qc6
Qe7 34. Bd5 Rf8 35. Rxf8 Kxf8 36. Qc8+ Kg7 37. Qg4 Qe5 38. Be4 h6 39. h4 Kf6 40.
h5 Ke7 41. Qf3 Qd4 42. Bd5 Kd8 43. Qf7 1-0